00987nam a2200265 a 450000100100000000500170001000800410002702000150006804000250008304100390010808200130014710000300016024000400019024501100023026000570034030000210039749000100041853400650042850400320049370000370052583000160056204900090057895201170058799900170070400002565520200930023940.0110218s1986 ag r 000 0 spa d a9509432628 aDO-SdBNPbspacBNPHU17aspaheng2Código de idiomas MARC ann*bnn*1 aRossiter, Clinton.95131010aConservatism in America.lEspañol13aLa teoria política del conservadorismo norteamericana /cClinton Rossiter ; prefacio de George F. Will. aBuenos Aires :bGrupo Editor Latinoamericano,c1986. a281 p. ;c23 cm.1 aTemas aTítulo del original en inglés :tConservatism in America aBibliografía : 265-279 p.1 aWill, George F.,epról.951311 0aTemas99064 aBNGR 001054708MOaGRbGRcCTd2011-02-18iLF1l0onn* nn*p25655-10r2020-06-25w2020-06-25y4ZPréstamo en sala c25147d25147